000 01309cam a22003614a 4500
001 79005
005 20230410121041.0
008 081017s2007 cr a b 000 0 spa
010 _a 2008469691
035 _a(OCoLC)ocn233971465
040 _aDLC
_cDLC
_dIXA
020 _a9789977151571
020 _a9977151571
035 _a(OCoLC)233971465
043 _anccr---
050 1 4 _aJL 1452
_bH557c 2007
082 0 0 _a354.7286001
100 1 _aHernández C., Víctor.
245 1 3 _aLa capacitación en el sector público costarricense /
_cVíctor Hernández C.
250 _a1a ed.
260 _aSan José :
_bUniversidad de Costa Rica, Facultad de Ciencias Económicas, Escuela de Administración Pública,
_c2007.
300 _axxi, 168 p. :
_bill. ;
_c26 cm.
504 _aIncludes bibliographical references (p. 147-148).
651 0 _aCosta Rica
_xOfficials and employees
_xIn-service training.
650 0 _aCivil service
_zCosta Rica
_xPersonnel management.
650 4 _aCapacitación de funcionarios públicos
_zCosta Rica.
650 4 _aFuncionarios públicos
_xCapacitación
_zCosta Rica.
650 4 _aPrimera Jornada de Catalogacion.
710 2 _aUniversidad de Costa Rica.
_bEscuela de Administración Pública.
942 _2lcc
_cbk
946 _amjcruz
994 _aC0
_bDRFGD
999 _c56961
_d56961